000
00327nam a2200145Ia 4500
005
20251222144913.0
008
251222s9999||||xx |||||||||||||| ||spa||
020
_a
9788889237816
082
_a
458.346.1/P61
100
_a
Piotti, Danila
245
0
_a
Univers Italiana:
250
_a
1ra.ed.
264
_b
Alma
942
_c
LIB
999
_c
22408
_d
22408